000
00288nam a22001337a 4500
008
170718b xxu||||| |||| 00| 0 eng d
020
_a
9780684823775
041
_a
eng
080
_a
2
100
_a
24
101
_a
TEO
245
_a
THE JOYFUL CHRISTIAN
_c
LEWIS, C.S
942
_2
udc
_c
BK
999
_c
21477
_d
21477